A Sphaerulit-kagylók sarokpántjának felfedezéséről és belső szervezetök egyéb részeiről
Elmentve itt :
| Szerző: | |
|---|---|
| Dokumentumtípus: | Cikk |
| Megjelent: |
1882
|
| Sorozat: | Kolligátum
|
| Kulcsszavak: | Kagylók |
| Online Access: | http://misc.bibl.u-szeged.hu/25037 |
| LEADER | 00584nab a2200169 i 4500 | ||
|---|---|---|---|
| 001 | misc25037 | ||
| 005 | 20191108150517.0 | ||
| 008 | 170925s1882 hu o 0|| zxx d | ||
| 040 | |a SZTE Miscellanea Repozitórium |b hun | ||
| 041 | |a zxx | ||
| 100 | 1 | |a Pethő Gyula | |
| 245 | 1 | 2 | |a A Sphaerulit-kagylók sarokpántjának felfedezéséről és belső szervezetök egyéb részeiről |h [elektronikus dokumentum] / |c Pethő Gyula |
| 260 | |c 1882 | ||
| 300 | |a 104-110 | ||
| 490 | 0 | |a Kolligátum | |
| 695 | |a Kagylók | ||
| 856 | 4 | 0 | |u http://misc.bibl.u-szeged.hu/25037/1/014_015_104-110.pdf |z Dokumentum-elérés |